| 000 | 00545nam a2200145 4500 | ||
|---|---|---|---|
| 082 | _aMSIT-14 MAN | ||
| 100 | _aMansoor Rehman | ||
| 245 | _aData Mining and integration of real time sensory information in a cloud framework | ||
| 260 |
_aIslamabad _bNUST-SEECS _c2017 |
||
| 300 |
_a49p. _eCD Includes |
||
| 856 | _uhttp://10.250.8.41:8080/xmlui/handle/123456789/25013 | ||
| 942 |
_2ddc _cTHE |
||
| 999 |
_c332398 _d332398 |
||